Cash flow forecasting (Record no. 112488)
[ view plain ]
| 000 -LEADER | |
|---|---|
| fixed length control field | 01382cad a22002775a 4500 |
| 001 - CONTROL NUMBER | |
| control field | L153372 |
| 008 - FIXED-LENGTH DATA ELEMENTS--GENERAL INFORMATION | |
| fixed length control field | 110718s2011 xxk f 000 0 eng d |
| 020 ## - INTERNATIONAL STANDARD BOOK NUMBER | |
| International Standard Book Number | 9781842196878 |
| 035 ## - SYSTEM CONTROL NUMBER | |
| System control number | (Sirsi) u153372 |
| 041 0# - LANGUAGE CODE | |
| Language code of text/sound track or separate title | eng |
| 050 04 - LIBRARY OF CONGRESS CALL NUMBER | |
| Classification number | 658.152 $2 20 |
| 110 2# - MAIN ENTRY--CORPORATE NAME | |
| Corporate name or jurisdiction name as entry element | Royal Institution of Chartered Surveyors |
| 9 (RLIN) | 4900 |
| 245 00 - TITLE STATEMENT | |
| Title | Cash flow forecasting |
| Medium | [old edition] |
| 260 ## - PUBLICATION, DISTRIBUTION, ETC. | |
| Place of publication, distribution, etc. | Coventry |
| Name of publisher, distributor, etc. | RICS |
| Date of publication, distribution, etc. | 2011 |
| 490 #0 - SERIES STATEMENT | |
| Series statement | RICS Guidance Note |
| Volume/sequential designation | (GN 79/2011) |
| 490 #0 - SERIES STATEMENT | |
| Series statement | RICS Black Book |
| 520 ## - SUMMARY, ETC. | |
| Summary, etc. | This guidance note summarises what cash flow forecasting is, how to produce a useful forecast and how to use the forecast to assess progress on site and assist both employers and contractors to analyse actual expenditure against forecast expenditure. Guidance is given on the cash flow of construction contracts (project cash flows) and not specifically for the cash flows of companies (organisational cash flow), although many principles do overlap. |
| 520 ## - SUMMARY, ETC. | |
| Summary, etc. | Replaced by 2nd edition, July 2024, ISBN 9781783215294 |
| 590 ## - LOCAL NOTE (RLIN) | |
| Local note | KA NTK |
| 650 24 - SUBJECT ADDED ENTRY--TOPICAL TERM | |
| Topical term or geographic name entry element | RICS BLACK BOOK |
| 650 24 - SUBJECT ADDED ENTRY--TOPICAL TERM | |
| Topical term or geographic name entry element | RICS QS AND CONSTRUCTION STANDARDS |
| 651 #4 - SUBJECT ADDED ENTRY--GEOGRAPHIC NAME | |
| Geographic name | United Kingdom |
| 690 ## - LOCAL SUBJECT ADDED ENTRY--TOPICAL TERM (OCLC, RLIN) | |
| Topical term or geographic name as entry element | BUILT ENVIRONMENT-CONSTRUCTION MANAGEMENT |
| 856 40 - ELECTRONIC LOCATION AND ACCESS | |
| Uniform Resource Identifier | <a href="https://www.isurv.com/downloads/download/1384/cash_flow_forecasting_%E2%80%93_uk_archived">https://www.isurv.com/downloads/download/1384/cash_flow_forecasting_%E2%80%93_uk_archived</a> |
| Public note | Archived on isurv (subscription required) |
| 942 ## - ADDED ENTRY ELEMENTS (KOHA) | |
| Suppress in OPAC | 0 |
| Source of classification or shelving scheme | Dewey Decimal Classification |
| Withdrawn status | Lost status | Damaged status | Not for loan | Home library | Current library | Shelving location | Date acquired | Total Checkouts | Full call number | Date last seen | Copy number | Uniform Resource Identifier | Price effective from | Koha item type | Public note | Barcode |
|---|---|---|---|---|---|---|---|---|---|---|---|---|---|---|---|---|
| Missing from bundle | London | London | Books | 17/08/2011 | RICS 2011/36 | 06/08/2019 | 1 | 06/08/2019 | Book | 30075758 | ||||||
| Missing from bundle | London | London | Books | 17/08/2011 | RICS 2011/36 | 06/08/2019 | 2 | 06/08/2019 | Book | 30075759 | ||||||
| Missing from bundle | London | London | RICS Boxes | 17/08/2011 | RICS 2011/36 | 06/08/2019 | 4 | 06/08/2019 | Archive | 30075761 | ||||||
| Virtual | Virtual | Online | 18/07/2011 | isurv | 25/07/2024 | 1 | https://www.isurv.com/downloads/download/1384/cash_flow_forecasting_%E2%80%93_uk_archived | 06/08/2019 | Online material | Archived on isurv (subscription required) |